Stavebná mechanika II : pružnosť a pevnosť, stavebná mechanika

Salvato in:
Dettagli Bibliografici
Autori principali: Adamča, Ladislav, 1941- (Autore), a kol (Autore)
Natura: Libro
Pubblicazione: Bratislava : SVŠT v Bratislave StF, 1985
Soggetti:
Tags: Aggiungi Tag
Nessun Tag, puoi essere il primo ad aggiungerne!!

MARC

LEADER 00000nam a22000003a 4500
001 stu272454
005 20150617230230.9
008 130725s1985----------------------------d
040 |a STU  |b slo 
041 0
100 1 |a Adamča, Ladislav,  |d 1941-  |4 aut  |u A4140  |U FAD Fakulta architektúry  |T FA Ústav konštrukcií v architektúre a inžinierskych stavieb  |X 979  |U A4140  |Y 395  |7 A000000979 
245 1 |a Stavebná mechanika II :  |b pružnosť a pevnosť, stavebná mechanika 
260 |a Bratislava :  |b SVŠT v Bratislave StF,  |c 1985 
300 |a 279 s 
650 7 |a mechanika stavebná  |2 stusub 
650 7 |a pružnosť a pevnosť  |2 stusub 
700 1 |a a kol.  |4 aut 
996 |b 284AS03422  |c A*8599 S  |l AAKNAR  |s A  |a 24  |w stu272454_0001